Meyers Neues Lexikon in 8 Bänden

Uložené v:
Podrobná bibliografia
Médium: Kniha
Jazyk:German
Vydavateľské údaje: Leipzig WEB Bibliographisches Institut 1964
Tagy: Pridať tag
Žiadne tagy, Buďte prvý, kto otaguje tento záznam!

MARC

LEADER 00000nam a2200000 4500
001 c122776
005 20221207071335.6
041 0 |a ger 
044 |a DE 
245 1 0 |a Meyers Neues Lexikon in 8 Bänden 
264 1 |a Leipzig  |b WEB Bibliographisches Institut  |c 1964 
300 |a 960 s.